| 000 | 00992nas a2200325 4500 | ||
|---|---|---|---|
| 001 | BR2014002999 | ||
| 003 | BR-BrBNA | ||
| 005 | 20231205124026.0 | ||
| 007 | ta | ||
| 008 | 230509b bl.|||p| |||| 00| 00por d | ||
| 040 |
_aBR-BrBNA _bpor _cBiblioteca Nacional de Agricultura |
||
| 041 | _a(Pt) | ||
| 072 | _aQ04 | ||
| 100 | 1 | _aLima, A.L. dos S. | |
| 100 | 1 | _aLima, K. dos S.C. | |
| 100 | 1 | _aCoelho, M.J. | |
| 100 | 1 | _aSilva, J.M. | |
| 100 | 1 | _aGodoy, R.L. de O. | |
| 100 | 1 | _aPacheco, S. | |
| 245 | 1 | _aAvaliação dos efeitos da radiação gama nos teores de carotenóides, ácido ascórbico e açúcares do fruto buriti do brejo (Mauritia flexuosas L.) | |
| 650 | _aBURITI | ||
| 650 | _aFRUTO | ||
| 650 | _aRAIO GAMA | ||
| 650 | _aCAROTENÓIDE | ||
| 650 | _aVITAMINA C | ||
| 650 | _aAÇÚCARES | ||
| 773 | 0 |
_tActa Amazonica (Brazil) _xISSN 0044-5967 _g(Sep 2009), v. 39(3) p. 649-654 _wBR2014002999 |
|
| 909 |
_a202311 _bLúcia _c55 _dLúcia Elande |
||
| 942 |
_2AGRIS _n0 _cANA |
||
| 999 |
_c236970 _d236970 |
||